Upland path management (Record no. 109647)

MARC details
000 -LEADER
fixed length control field 01523cad a22002655a 4500
001 - CONTROL NUMBER
control field E147605
008 - FIXED-LENGTH DATA ELEMENTS--GENERAL INFORMATION
fixed length control field 090528u xxk f 000 0 eng d
035 ## - SYSTEM CONTROL NUMBER
System control number (Sirsi) u147605
041 0# - LANGUAGE CODE
Language code of text/sound track or separate title eng
050 04 - LIBRARY OF CONGRESS CALL NUMBER
Classification number 711.558 $2 18
110 2# - MAIN ENTRY--CORPORATE NAME
Corporate name or jurisdiction name as entry element Scottish Natural Heritage
9 (RLIN) 2794
245 00 - TITLE STATEMENT
Title Upland path management
Remainder of title standards for delivering path projects in Scotland's mountains
Medium [electronic resource]
260 ## - PUBLICATION, DISTRIBUTION, ETC.
Place of publication, distribution, etc. Redgorton
Name of publisher, distributor, etc. SNH
Date of publication, distribution, etc. [2003]
505 #0 - FORMATTED CONTENTS NOTE
Formatted contents note Preface -- Section 1: project planning -- Section 2: project and site assessment -- Section 3: managing safety and environment -- Section 4: using contracts to build paths -- Section 5: training and developing the project team
520 ## - SUMMARY, ETC.
Summary, etc. Aimed at those involved in upland path management in Scotland, this manual sets out the project process from developing an upland path project proposal, through delivery of the project to aftercare. For guidance on the practical methods of path work, see "Upland pathwork: construction standards for Scotland" (E147604).
521 ## - TARGET AUDIENCE NOTE
Target audience note Advanced
590 ## - LOCAL NOTE (RLIN)
Local note KA
651 #4 - SUBJECT ADDED ENTRY--GEOGRAPHIC NAME
Geographic name Scotland
Chronological subdivision 1999-
690 ## - LOCAL SUBJECT ADDED ENTRY--TOPICAL TERM (OCLC, RLIN)
Topical term or geographic name as entry element ENVIRONMENTAL AND LAND CONSULTANCY-ENVIRONMENTAL MANAGEMENT-ENVIRONMENTAL CONSERVATION-LANDSCAPE CONSERVATION
710 1# - ADDED ENTRY--CORPORATE NAME
Corporate name or jurisdiction name as entry element Highlands and Islands Enterprise
710 1# - ADDED ENTRY--CORPORATE NAME
Corporate name or jurisdiction name as entry element National Trust for Scotland
9 (RLIN) 3899
710 1# - ADDED ENTRY--CORPORATE NAME
Corporate name or jurisdiction name as entry element European Social Fund
856 40 - ELECTRONIC LOCATION AND ACCESS
Uniform Resource Identifier <a href="https://www.snh.org.uk/publications/on-line/heritagemanagement/uplandpathmanagement/index.shtml">https://www.snh.org.uk/publications/on-line/heritagemanagement/uplandpathmanagement/index.shtml</a>
Public note View the report free of charge at www.snh.org.uk...
942 ## - ADDED ENTRY ELEMENTS (KOHA)
Suppress in OPAC 0
Holdings
Withdrawn status Lost status Source of classification or shelving scheme Damaged status Not for loan Home library Current library Shelving location Date acquired Total Checkouts Full call number Barcode Date last seen Copy number Price effective from Koha item type
    Dewey Decimal Classification     Virtual Virtual Online 28/05/2009   ONLINE PUBLICATION 147605-2001 06/08/2019 1 06/08/2019 Book